000 00858nam a22002177a 4500
999 _c9926
_d9926
003 AR-CdUCM
008 190328b ||||| |||| 00| 0 spa d
040 _aMUNICIPALIDAD PROVINCIAL DEL CUSCO
_cBIBLIOTECA MUNICIPAL DEL CUSCO
041 _hfr.
082 _a987.046 /
_bM26 / 1930
100 _aMancini, Jules
_926476
245 _aBolívar y la emancipación de las colonias españolas desde los orígenes hasta 1815 /
260 _aParís :
_bVda. de C. Bouret,
_c1923.
300 _a591 paginas ;
_bMapas,
_c22 cm.
505 _aContenido :Orígenes de la revolución sudamericana --La aurora de la libertad --El juramento del monte sacro --El precursor --Realismo colonial --1810 ...
650 _aSimon Bolivar
_91694
650 _aColonias españolas
_99671
700 _aCarlos Docteur (traductor)
_926477
942 _2ddc
_cLIBROS
945 _arjall